Quick typing A - L - Statistics

General Stats
  • This quiz has been taken 116 times
  • The average score is 8 of 12
Answer Stats
Hint Answer % Correct
a a
100%
b b
67%
c c
67%
d d
67%
e e
67%
f f
67%
g g
67%
h h
67%
i i
67%
j j
50%
k k
50%
l l
50%
No matching quizzes found
Score Distribution
Percent of People with Each Score
Percentile by Number Answered
Your Score History
You have not taken this quiz